000 00637nam a2200229 i 4500
001 C2-0254430
003 PPAK
005 20180727222113.0
008 040504s1978 my a|||| ||||| | may d
040 _aPPAK
_beng
_cPPAK
_erda
082 0 4 _a059.9923
_223
090 0 0 _a059.9923
_bVAR
_dKK
245 0 0 _aVariasari
264 1 _aKuala Lumpur :
_bMustafa (Mohamad) bin Hj. Ton ,
_c1978
300 _a144 pages :
_billustrations ;
_c18 cm
336 _2rdacontent
_atext
337 _2rdamedia
_aunmediated
338 _2rdacarrier
_avolume
500 _aBil. 4 (1hb. April, 1978)
650 1 0 _aMalaysia - Periodicals
942 _ddc
_cB
999 _c67152
_d67152